Numbers 1 to 10 in Indonesian. - Statistics

General Stats
  • This quiz has been taken 126 times
  • The average score is 9 of 10
Answer Stats
No. English Indonesian % Correct
2 Two Dua
100%
3 Three Tiga
97%
1 One Satu
95%
5 Five Lima
94%
4 Four Empat
92%
6 Six Enam
89%
9 Nine Sembilan
85%
7 Seven Tujuh
85%
10 Ten Sepuluh
83%
8 Eight Delapan
82%
No matching quizzes found
Score Distribution
Percent of People with Each Score
Percentile by Number Answered
Your Score History
You have not taken this quiz